| 000 | 00350nam a2200121Ia 4500 | ||
|---|---|---|---|
| 008 | 160114s9999 xx 000 0 und d | ||
| 050 | _aFic | ||
| 050 | _b.A162d 2007 | ||
| 100 | _aAbrera, Manix. | ||
| 245 |
_aDie! die, evil! die! ahrrrgh! / _cManix Abrera. |
||
| 260 |
_aPasay City : _bVisual Prin Enterprises. _c2007 |
||
| 440 | _aKiko machine komix. | ||
| 999 |
_c290343 _d290343 |
||